| 000 | 00441nam a2200169Ia 4500 | ||
|---|---|---|---|
| 003 | GCL | ||
| 008 | 140319s9999 xx 000 0 ara d | ||
| 040 |
_aGCL / _cGCL |
||
| 082 | 0 | 4 |
_a040.03 _bم ا |
| 100 | 1 | _aذوقان قرقوط | |
| 245 | 1 | 0 |
_aابن الفقير / _cذوقان قرقوط |
| 700 | 1 | _aمولود فرعون | |
| 490 |
_aكتاب _v0 |
||
| 650 | 0 | 4 | _aالادب |
| 650 | 0 | 4 | _aالادب الفرنسى |
| 942 |
_2ddc _cBK |
||
| 999 |
_c41830 _d41830 |
||